Incertitudes et choix stratégiques: un essai de modélisation.
Úloha neistoty pri rozhodovaniach o finančných operáciách. Miera zodpovednosti a rizika firmy pri finančných operáciách. Ukážka pravdepodobnosti dosiahnutia úspechu, prípadne neúspechu v podnikaní. Flexibilita výberu. Strategický postup pri rozhodovaní. Príklad integrácie priemyselných finančných sk...
Gespeichert in:
| 1. Verfasser: | |
|---|---|
| Format: | Buchkapitel |
| Sprache: | Französisch |
| Schlagworte: | |
| Tags: |
Keine Tags, Fügen Sie das erste Tag hinzu!
|
MARC
| LEADER | 00000naa a2200000 4500 | ||
|---|---|---|---|
| 001 | r006813 | ||
| 005 | 20221125091715.1 | ||
| 041 | 0 | |a fre | |
| 044 | |a FR | ||
| 245 | 1 | 0 | |a Incertitudes et choix stratégiques: un essai de modélisation. |c C. Poncet |
| 520 | |a Úloha neistoty pri rozhodovaniach o finančných operáciách. Miera zodpovednosti a rizika firmy pri finančných operáciách. Ukážka pravdepodobnosti dosiahnutia úspechu, prípadne neúspechu v podnikaní. Flexibilita výberu. Strategický postup pri rozhodovaní. Príklad integrácie priemyselných finančných skupín. | ||
| 610 | 2 | 0 | |a investície |
| 610 | 2 | 0 | |a financovanie |
| 610 | 2 | 0 | |a podnikanie |
| 610 | 2 | 0 | |a rozhodovanie |
| 610 | 2 | 0 | |a modely rozhodovania |
| 610 | 2 | 0 | |a integrácia ekonomická |
| 610 | 2 | 0 | |a priemysel |
| 610 | 2 | 0 | |a riziko |
| 610 | 2 | 0 | |a stratégia podniková |
| 610 | 2 | 0 | |a financie podnikové |
| 100 | 1 | |a Poncet, C. | |